Tìm hiểu hoạt động khai thác và chế biến gỗ tại lâm trường Trường Sơn huyện Quảng Ninh tỉnh Quảng Bình thời kì 2004 - 2008. Ảnh hưởng đến môi trường địa phương

Cơ sở lý luận chung của đề tài.Tình hình hoạt động khai thác và chế biến gỗ tại lâm trường Trường Sơn huyện Quảng Ninh tỉnh Quảng Bình thời kì 2004 - 2008. Ảnh hưởng của hoạt động khai thác và chế biến gỗ đến kinh tế - xã hội và môi trường địa phương. Biện pháp khắc phục...

Mô tả đầy đủ

Đã lưu trong:
Chi tiết về thư mục
Tác giả chính: Nguyễn, Thị Hoài Phương
Tác giả khác: Nguyễn, Duy Hòa Th.S (Hướng dẫn)
Định dạng: Sách
Ngôn ngữ:Vietnamese
Được phát hành: Đại học Đà Nẵng Trường đại học Sư Phạm 2010
Loạt:Khóa luận tốt nghiệp đại học. Chuyên ngành: Cử nhân Địa lý
Những chủ đề:
Các nhãn: Thêm thẻ
Không có thẻ, Là người đầu tiên thẻ bản ghi này!
Thư viện lưu trữ: Mạng thư viện Đại học Đà Nẵng
LEADER 01612nam a2200325 4500
001 000011802
003 8075
005 20120210140239.0
008 120210s2010 viesd
041 |a vie 
072 |a Khóa luận tốt nghiệp 
082 |a 634.9  |b NG-P 
100 |a Nguyễn, Thị Hoài Phương 
245 |a Tìm hiểu hoạt động khai thác và chế biến gỗ tại lâm trường Trường Sơn huyện Quảng Ninh tỉnh Quảng Bình thời kì 2004 - 2008. Ảnh hưởng đến môi trường địa phương  |c Nguyễn, Thị Hoài Phương 
260 |a Đại học Đà Nẵng  |b Trường đại học Sư Phạm  |c 2010 
300 |a 64 tr.  |b Bản đồ + biểu đồ  |c 29 cm 
490 |a Khóa luận tốt nghiệp đại học. Chuyên ngành: Cử nhân Địa lý 
500 |a Tham khảo cuối trang 
520 |a Cơ sở lý luận chung của đề tài.Tình hình hoạt động khai thác và chế biến gỗ tại lâm trường Trường Sơn huyện Quảng Ninh tỉnh Quảng Bình thời kì 2004 - 2008. Ảnh hưởng của hoạt động khai thác và chế biến gỗ đến kinh tế - xã hội và môi trường địa phương. Biện pháp khắc phục 
653 |a Khóa luận tốt nghiệp đại học 
653 |a Khoa Địa lí 
700 |a Nguyễn, Duy Hòa  |c Th.S  |e Hướng dẫn 
OWN |a LSP 
999 |a From the UDN01 
TYP |a Monograph 
TYP |a Printed language 
980 |a Mạng thư viện Đại học Đà Nẵng